|
|
|
|
| LEADER |
00000cam a2200000 i 4500 |
| 001 |
1/2493 |
| 008 |
091216s2005 gr | ||| |||| ||gre|| |
| 020 |
|
|
|a 9606306747
|
| 035 |
|
|
|l 10106031
|
| 040 |
|
|
|a GR-MyUA
|b gre
|e AACR2
|
| 041 |
0 |
|
|a gre
|
| 082 |
0 |
|
|a 889.3
|2 (22)
|
| 100 |
1 |
|
|a Κολλάρα-Βασιλείου, Ασημίνα.
|
| 245 |
1 |
0 |
|a Γλυκιά Ανατολή /
|c Ασημίνα Κολλάρα-Βασιλείου ; [επιμέλεια έκδοσης Β. Δημητριάδης, Χ. Λάνδρος].
|
| 260 |
|
|
|a Σάμος :
|b [χ.ό],
|c 2005.
|
| 300 |
|
|
|a 109 σ. :
|b εικ. ;
|c 21 εκ.
|
| 650 |
0 |
0 |
|a Greek fiction.
|
| 650 |
0 |
0 |
|a Tales
|z Greece
|z Samos (Municipality)
|
| 651 |
|
0 |
|a Samos (Greece : Municipality)
|x Fiction.
|
| 852 |
|
|
|a INST
|b SAMOS
|e 20091216
|h 889.3 ΚΟΛ
|p 005300031036
|q 005300031036
|t BK
|y 0
|
| 901 |
|
|
|a BIBL3-2009-3
|
| 909 |
|
|
|a Σ
|b 158369
|
| 970 |
|
|
|a ΣΙΤΖΙΜΗ
|b ΓΙΑΣΕΜΗ
|z 2009/12/16
|